000 00464nam a2200193Ia 4500
008 151119s9999||||xx |||||||||||||| ||und||
082 _a891.463
082 _bGKKV21463
100 _aपाध्ये भाऊ
245 _aराडा
260 _a--
260 _b--
260 _c1997
600 _aपाध्ये भाऊ
630 _aराडा
700 _aपाध्ये भाऊ
730 _aराडा
942 _cBOOK
999 _c1074280
_d1074277